| 000 | 00000nam##2200000za#4500 |
| 001 | 9.639098 |
| 003 | CaOODSP |
| 005 | 20221104105554 |
| 007 | cr ||||||||||| |
| 008 | 150407|2008||||xxc|||||o f|0| 0 fre|d |
| 040 | |aCaOODSP|bfre |
| 043 | |an-cn--- |
| 086 | 1 |aR63-370/2008F-PDF |
| 110 | 2 |aParcs Canada. |
| 245 | 10|aRapport sur l'état du parc : réserve de parc national du Canada Pacific Rim |h[ressource électronique] |
| 260 | |bParcs Canada |cc2008. |
| 300 | |a71p.|bcartes en couleur, figures (certaines en couleur), graphiques, références, tableaux, photographies |
| 500 | |aLe n° de catalogue (R63-370/2008F) et l'ISBN (978-0-662-04183-2) de l'édition imprimée ont été incorrectement copiés dans l'édition électronique. |
| 590 | |a11-17-Supp|b2011-09-12 |
| 691 | 07|aParc national|2gcpds |
| 775 | 08|tState of the park report - Pacific Rim National Park Reserve of Canada |w(CaOODSP)9.694934 |
| 856 | 40|ahttp://publications.gc.ca|qPDF|s2.88 Mo|uhttps://publications.gc.ca/collections/collection_2011/pc/R63-370-2008-fra.pdf |